Love Break - Hamza/The Magician - Statistiques

Statistiques générales
  • Ce quiz a été pris 34 fois
  • Le résultat moyen est 370 sur 515
Statistiques - réponses
Réponse % Correct
te
100%
à
93%
a
93%
de
93%
Pas
93%
pas
93%
sur
93%
toi
93%
aucun
86%
ça
86%
je
86%
Je
86%
la
86%
loin
86%
love
86%
Ma
86%
moi
86%
part
86%
piste
86%
plus
86%
pour
86%
que
86%
sans
86%
tu
86%
Tu
86%
confidence
79%
dans
79%
danse
79%
du
79%
en
79%
jamais
79%
Jaurais
79%
juste
79%
na
79%
pensé
79%
pense
79%
perdre
79%
Quand
79%
risque
79%
sens
79%
Tes
79%
un
79%
une
79%
veux
79%
vie
79%
Car
71%
car
71%
Jpeux
71%
jvoulais
71%
le
71%
Mais
71%
mais
71%
Mes
71%
mes
71%
nai
71%
ne
71%
partie
71%
vivre
71%
ce
64%
encore
64%
fois
64%
ivres
64%
Jfinis
64%
sais
64%
soirées
64%
taimerai
64%
tant
64%
Cest
57%
cest
57%
difficile
57%
Jai
57%
prié
57%
comprends
50%
devenu
50%
donc
50%
nuits
50%
revenais
50%
sont
50%
bois
43%
Jme
43%
et
36%
être
36%
fucked
36%
Il
36%
près
36%
retrouve
36%
toutes
36%
up
36%
corps
29%
dange
29%
demande
29%
diable
29%
distances
29%
histoires
29%
inexistant
29%
jaime
29%
les
29%
malgré
29%
ny
29%
quelques
29%
rien
29%
si
29%
Si
29%
substances
29%
yah
29%
crois
21%
difficilement
21%
est
21%
force
21%
jour
21%
sera
21%
définitivement
14%
jaimerais
14%
jd ois
14%
quon
14%
saime
14%
toublier
14%
Woooh
0%
Aucun quiz correspondant
Distribution des résultats
% des personnes avec chaque résultat
Percentile par nombre de réponses
Votre historique - résultats
Vous n’avez pas pris ce quiz